书目信息 |
| 题名: |
苏联农业跨单位合作和农工一体化译文集
|
|
| 作者: | 任恕 编译 | |
| 分册: | ||
| 出版信息: | 北京 农业出版社 1979 |
|
| 页数: | 294页 | |
| 开本: | 19cm | |
| 丛书名: | ||
| 单 册: | ||
| 中图分类: | F512.19 | |
| 科图分类: | ||
| 主题词: | 农业企业-经济合作--苏联 , 经济合作-农业企业--苏联 , 农工联合企业--苏联 , 交通运输经济--概况--世界 | |
| 电子资源: | ||
| ISBN: | ||
| 000 | 00786nam0 2200265 45 | |
| 001 | 0179007955 | |
| 005 | 20060427142417.70 | |
| 010 | @dCNY0.80 | |
| 091 | @a3144.225 | |
| 100 | @a19950714d1979 em y0chiy0121 ea | |
| 101 | 0 | @achi |
| 102 | @aCN@b110000 | |
| 105 | @ay z 000yy | |
| 200 | 10 | @a苏联农业跨单位合作和农工一体化译文集@Asu lian nong ye kua dan wei he zuohe nong gong yi ti hua yi wen ji@f任恕编译@Fren shu bian yi |
| 210 | @a北京@c农业出版社@d1979 | |
| 215 | @a294页@d19cm | |
| 300 | @a内部发行 | |
| 606 | @a农业企业-经济合作@y苏联 | |
| 606 | @a经济合作-农业企业@y苏联 | |
| 606 | @a农工联合企业@y苏联 | |
| 606 | 0 | @a交通运输经济@x概况@x世界 |
| 690 | @aF512.19@v4 | |
| 701 | 0 | @a任恕@Aren shu@4编译 |
| 801 | 0 | @aCN@bTSSF@c20060427 |
| 905 | @a10447@dF512.19@e1 | |
| 苏联农业跨单位合作和农工一体化译文集/任恕编译.-北京:农业出版社,1979 |
| 294页;19cm |
| 内部发行 |
| ISBN :CNY0.80 |
| ● |
| 相关链接 |
|
|
|
|
正题名:苏联农业跨单位合作和农工一体化译文集
索取号:F512.19/1
 
预约/预借
| 序号 | 登录号 | 条形码 | 馆藏地/架位号 | 状态 | 备注 |
| 1 | 0014531 | 202157147 | 密集书库/ [索取号:F512.19/1] | 在馆 |